<?xml version="1.0" encoding="UTF-8"?>
<record
    xmlns:xsi="http://www.w3.org/2001/XMLSchema-instance"
    xsi:schemaLocation="http://www.loc.gov/MARC21/slim http://www.loc.gov/standards/marcxml/schema/MARC21slim.xsd"
    xmlns="http://www.loc.gov/MARC21/slim">

  <leader>03398nam a2200469 i 4500</leader>
  <controlfield tag="001">612</controlfield>
  <controlfield tag="003">gtuscu</controlfield>
  <controlfield tag="005">20260515081237.0</controlfield>
  <controlfield tag="007">ta</controlfield>
  <controlfield tag="008">250530e2020    gt abd||r|||| 001 0 spa d</controlfield>
  <datafield tag="020" ind1=" " ind2=" ">
    <subfield code="a">9789929592346</subfield>
    <subfield code="c">disponible</subfield>
  </datafield>
  <datafield tag="040" ind1=" " ind2=" ">
    <subfield code="a">gtuscu</subfield>
    <subfield code="b">spa</subfield>
    <subfield code="c">gtuscu</subfield>
    <subfield code="d">gtuscu</subfield>
    <subfield code="e">rda</subfield>
  </datafield>
  <datafield tag="082" ind1="0" ind2="4">
    <subfield code="a">CEUR 625.7 P381</subfield>
  </datafield>
  <datafield tag="100" ind1="1" ind2=" ">
    <subfield code="a">Pel&#xE1;ez, Ronald Mynor </subfield>
    <subfield code="d">1970- ,</subfield>
    <subfield code="e">autor</subfield>
  </datafield>
  <datafield tag="245" ind1="1" ind2=" ">
    <subfield code="a">Libramiento de Chimaltenango : </subfield>
    <subfield code="b">cronolog&#xED;a del proceso de adjudicaci&#xF3;n, funcionamiento e impacto vial / </subfield>
    <subfield code="c">Ronald Mynor Pel&#xE1;ez y Anna Garc&#xED;a Sagastume.</subfield>
  </datafield>
  <datafield tag="264" ind1="1" ind2=" ">
    <subfield code="a">Guatemala :</subfield>
    <subfield code="b">Universidad de San Carlos de Guatemala, Centro de Estudios Urbanos y Regionales,</subfield>
    <subfield code="c">2020.</subfield>
  </datafield>
  <datafield tag="264" ind1="1" ind2=" ">
    <subfield code="c">&#xA9; 2020</subfield>
  </datafield>
  <datafield tag="300" ind1=" " ind2=" ">
    <subfield code="a">245 p&#xE1;ginas :</subfield>
    <subfield code="b">ilustraciones (algunas a color) ;</subfield>
    <subfield code="c">23.5 cm</subfield>
  </datafield>
  <datafield tag="336" ind1=" " ind2=" ">
    <subfield code="2">rdacontenido</subfield>
    <subfield code="a">texto</subfield>
    <subfield code="b">txt</subfield>
  </datafield>
  <datafield tag="337" ind1=" " ind2=" ">
    <subfield code="2">rdamedio</subfield>
    <subfield code="a">sin mediaci&#xF3;n</subfield>
    <subfield code="b">n</subfield>
  </datafield>
  <datafield tag="338" ind1=" " ind2=" ">
    <subfield code="2">rdasoporte</subfield>
    <subfield code="a">volumen</subfield>
    <subfield code="b">nc</subfield>
  </datafield>
  <datafield tag="490" ind1=" " ind2=" ">
    <subfield code="a">Ordenamiento Territorial y Gesti&#xF3;n del Riesgo ;</subfield>
    <subfield code="v">volumen VI.</subfield>
  </datafield>
  <datafield tag="505" ind1="0" ind2=" ">
    <subfield code="g">Glosario de acr&#xF3;nimos --</subfield>
  </datafield>
  <datafield tag="505" ind1="0" ind2=" ">
    <subfield code="g">Glosario de t&#xE9;rminos --</subfield>
  </datafield>
  <datafield tag="505" ind1="0" ind2=" ">
    <subfield code="g">Presentaci&#xF3;n --</subfield>
  </datafield>
  <datafield tag="505" ind1="0" ind2=" ">
    <subfield code="g">Resumen --</subfield>
  </datafield>
  <datafield tag="505" ind1="0" ind2=" ">
    <subfield code="g">Introducci&#xF3;n --</subfield>
  </datafield>
  <datafield tag="505" ind1="0" ind2=" ">
    <subfield code="g">I.</subfield>
    <subfield code="t">Descripci&#xF3;n del municipio --</subfield>
  </datafield>
  <datafield tag="505" ind1="0" ind2=" ">
    <subfield code="g">II.</subfield>
    <subfield code="t">Conceptos y objetivos de los libramientos --</subfield>
  </datafield>
  <datafield tag="505" ind1="0" ind2=" ">
    <subfield code="g">III.</subfield>
    <subfield code="t">L&#xED;nea del tiempo del libramiento de Chimaltenango --</subfield>
  </datafield>
  <datafield tag="505" ind1="0" ind2=" ">
    <subfield code="g">IV.</subfield>
    <subfield code="t">Tiempo y costos del congestionamiento --</subfield>
  </datafield>
  <datafield tag="505" ind1="0" ind2=" ">
    <subfield code="g">V.</subfield>
    <subfield code="t">Retos y perspectivas de una gesti&#xF3;n vial vulnerable.</subfield>
  </datafield>
  <datafield tag="505" ind1="0" ind2=" ">
    <subfield code="g">Conclusiones</subfield>
  </datafield>
  <datafield tag="505" ind1="0" ind2=" ">
    <subfield code="g">Referencias</subfield>
  </datafield>
  <datafield tag="505" ind1="0" ind2=" ">
    <subfield code="g">Anexos</subfield>
  </datafield>
  <datafield tag="520" ind1="3" ind2=" ">
    <subfield code="a">La Ciudad de Chimaltenango ha crecido de forma desordenada origin&#xE1;ndose graves problemas de congestionamiento vehicular sobre la Carretera Interamericana.
Por ello, en 2015 se inici&#xF3; la construcci&#xF3;n del "Libremiento de Chimaltenango", el cual constituye un nuevo sistema vial en la regi&#xF3;n. Sin embargo, el desarrollo y funcionamiento de esta obra ha sido problem&#xE1;tico desde el principio hasta  hasta la actualidad; evidenci&#xE1;ndose una planificaci&#xF3;n desorganizada y deficiente, causante de atrasos en la finalizaci&#xF3;n del proyecto y aumento de costos, a tal punto que este libramiento se convirtiera en la carretera m&#xE1;s cara construida en Guatemala. Para determinar el impacto generado por esta nueva carretera en el congestionamiento vial de Chimaltenango, se realizaron estimaciones de los costos extra invertidos al transitar por el municipio tanto por la Ruta CA-1 como para esta nueva v&#xED;a. Los resultados obtenidos muestran que este congestionamiento se redujo notablemente a partir de la puesta en funcionamiento del libramiento a finales de 2019.
Sin embargo, a pesar de su eficiencia, este libramiento ha sido afectado por una serie de fallas en su estructura. Especialmente deslizamientos que han afectado a la circulaci&#xF3;n vehicular y que a su vez, han generado la apertura de investigaciones por parte del Ministerio P&#xFA;blico y la Contralor&#xED;a General de Cuentas. Estos acontecimientos se describen en el presente libro por medio de una l&#xED;nea de tiempo, adem&#xE1;s de un breve an&#xE1;lisis sobre los aspectos t&#xE9;cnicos relativos a la hidrolog&#xED;a y sismolog&#xED;a de este municipio.</subfield>
  </datafield>
  <datafield tag="650" ind1="1" ind2="4">
    <subfield code="2">LEMB</subfield>
    <subfield code="a">Construcci&#xF3;n de carreteras (Libramiento)</subfield>
    <subfield code="z">Chimaltenango, Guatemala</subfield>
  </datafield>
  <datafield tag="650" ind1="1" ind2="4">
    <subfield code="2">LEMB</subfield>
    <subfield code="a">Carreteras</subfield>
  </datafield>
  <datafield tag="650" ind1="1" ind2="4">
    <subfield code="2">LEMB</subfield>
    <subfield code="a">Dise&#xF1;o y planificaci&#xF3;n</subfield>
  </datafield>
  <datafield tag="700" ind1=" " ind2=" ">
    <subfield code="a">Garc&#xED;a Sagastume, Anna Luc&#xED;a</subfield>
    <subfield code="e">autora</subfield>
  </datafield>
  <datafield tag="942" ind1=" " ind2=" ">
    <subfield code="2">ddc</subfield>
    <subfield code="c">BK</subfield>
    <subfield code="n">0</subfield>
  </datafield>
  <datafield tag="999" ind1=" " ind2=" ">
    <subfield code="c">612</subfield>
    <subfield code="d">612</subfield>
  </datafield>
  <datafield tag="952" ind1=" " ind2=" ">
    <subfield code="0">0</subfield>
    <subfield code="1">0</subfield>
    <subfield code="2">ddc</subfield>
    <subfield code="4">0</subfield>
    <subfield code="7">0</subfield>
    <subfield code="8">gn</subfield>
    <subfield code="a">BICEUR</subfield>
    <subfield code="b">BICEUR</subfield>
    <subfield code="d">2025-05-26</subfield>
    <subfield code="e">Donaci&#xF3;n CEUR</subfield>
    <subfield code="i">16H-BF29</subfield>
    <subfield code="l">0</subfield>
    <subfield code="o">CEUR 625.7 P381</subfield>
    <subfield code="p">BFQS00041</subfield>
    <subfield code="r">2025-05-30 15:27:00</subfield>
    <subfield code="w">2025-05-30</subfield>
    <subfield code="y">BK</subfield>
    <subfield code="z">Disponible</subfield>
  </datafield>
  <datafield tag="952" ind1=" " ind2=" ">
    <subfield code="0">0</subfield>
    <subfield code="1">0</subfield>
    <subfield code="2">ddc</subfield>
    <subfield code="4">0</subfield>
    <subfield code="7">0</subfield>
    <subfield code="8">gn</subfield>
    <subfield code="a">BICEUR</subfield>
    <subfield code="b">BICEUR</subfield>
    <subfield code="d">2025-05-26</subfield>
    <subfield code="e">Donaci&#xF3;n CEUR</subfield>
    <subfield code="i">16H-BF30</subfield>
    <subfield code="l">0</subfield>
    <subfield code="o">CEUR 625.7 P381 C.2</subfield>
    <subfield code="p">BFQS00042</subfield>
    <subfield code="r">2025-05-30 15:27:00</subfield>
    <subfield code="t">2</subfield>
    <subfield code="w">2025-05-30</subfield>
    <subfield code="y">BK</subfield>
    <subfield code="z">Disponible</subfield>
  </datafield>
</record>
